Top 25 MLB Pitchers by Strikeouts - Statistics

General Stats
  • This quiz has been taken 34 times
  • The average score is 17 of 25
Answer Stats
Hint Answer % Correct
Dodgers (2008-2025) Clayton Kershaw (3052)
96%
Angels (1966-1993) Nolan Ryan (5714)
96%
Braves (1986-2008) Greg Maddux (3371)
93%
Diamondbacks (1988-2009) Randy Johnson (4875)
93%
Mets (1967-1986) Tom Seaver (3640)
93%
Astros (2005-Present) Justin Verlander (3553)*
89%
Red Sox (1984-2007) Roger Clemens (4672)
89%
Twins (1907-1927) Walter Johnson (3509)
89%
Braves (1988-2009) John Smoltz (3084)
85%
Red Sox (1992-2009) Pedro Martinez (3154)
85%
Nationals (2008-Present) Max Scherzer (3489)*
81%
Phillies (1965-1988) Steve Carlton (4136)
74%
Cardinals (1959-1975) Bob Gibson (3117)
67%
Yankees (2001-2019) CC Sabathia (3093)
56%
Red Sox (1890-1911) Cy Young (2803)
56%
Royals (2004-2023) Zach Greinke (2979)
56%
Phillies (1988-2007) Curt Schilling (3116)
52%
Giants (1962-1983) Gaylord Perry (3534)
52%
Orioles (1991-2008) Mike Mussina (2813)
52%
Braves (1964-1987) Phil Niekro (3342)
48%
Dodgers (1966-1988) Don Sutton (3574)
44%
Cubs (1965-1983) Fergie Jenkins (3192)
44%
Twins (1970-1992) Bert Blyleven (3701)
41%
Tigers (1963-1979) Mickey Lolich (2832)
22%
Phillies (1955-1971) Jim Bunning (2855)
19%
No matching quizzes found
Score Distribution
Percent of People with Each Score
Percentile by Number Answered
Your Score History
You have not taken this quiz